| 000 | 01043nam a2200145Ia 4500 | ||
|---|---|---|---|
| 008 | 210329s9999||||xx |||||||||||||| ||und|| | ||
| 040 | _cSTCPL | ||
| 041 | _hHND | ||
| 082 |
_a920.02 _bKAM-G |
||
| 245 | 0 |
_aGul dasta _hगुलदस्ता |
|
| 260 |
_aBangalore _bAradhana Brothers _c1991 |
||
| 300 | _aP 84 21 CM | ||
| 650 | _aGeneral Biography, Genealogy, InsigniaGeneral Collections Of Biographyഓണത്തപ്പന്, തീര്ത്ഥയാത്ര, നീവന്നു, കൂപ്പുകൈ, ലഹരി, വിഡ്ഢികളേ , ശില്പശാല, പിറന്നനാട്, അമരഭൂമി, വാനോളം വളരുന്നു, ഇന്നലെ ഇന്ന്, നാളെ, അന്നും ഇന്നും, വഴിമാറൂ, മൂന്നു രൂപം, കുടിപ്പക, മരം, പരാപരാ, മലയാളമങ്ക, കടം, മലയും മഴയും, സിസ്റ്റര്, ഏകാകിനി | ||
| 942 | _cBK | ||
| 999 |
_c39310 _d39310 |
||